Новые методы интерпретации гравитационных и магнитных аномалий

التفاصيل البيبلوغرافية
مؤلف مشترك: Академия наук СССР (АН СССР) Институт физики Земли им. О. Ю. Шмидта (ИФЗ)
اللغة:الروسية
منشور في: Москва, 1989
الموضوعات:
التنسيق: كتاب
KOHA link:https://koha.lib.tpu.ru/cgi-bin/koha/opac-detail.pl?biblionumber=248534

MARC

LEADER 00000nam0a2200000 4500
001 248534
005 20231101232410.0
035 |a (RuTPU)RU\TPU\book\270346 
090 |a 248534 
100 |a 20140123d1989 k y0rusy50 ca 
101 0 |a rus 
102 |a RU 
105 |a a z 001zy 
200 1 |a Новые методы интерпретации гравитационных и магнитных аномалий  |f Академия наук СССР (АН СССР), Институт физики Земли им. О. Ю. Шмидта (ИФЗ) 
210 |a Москва  |d 1989 
215 |a 236 с.  |c ил. 
320 |a Библиогр. в конце ст. 
606 1 |a Гравиметрия  |x (геология)  |2 stltpush  |3 (RuTPU)RU\TPU\subj\39186  |9 59375 
610 1 |a гравитационные аномалии 
610 1 |a магнитные аномалии 
610 1 |a интерпретация 
610 1 |a гравиметрия 
610 1 |a вулканы 
610 1 |a геомагнитные поля 
675 |a 550.312  |v 3 
712 0 2 |a Академия наук СССР (АН СССР)  |b Институт физики Земли им. О. Ю. Шмидта (ИФЗ)  |c (Москва)  |c (1956-1991)  |2 stltpush  |3 (RuTPU)RU\TPU\col\209 
801 1 |a RU  |b 63413507  |c 20140123 
801 2 |a RU  |b 63413507  |c 20140131  |g RCR 
942 |c BK